LEADER 01081nam0 22002771i 450 001 UON00326692 005 20231205104203.514 100 $a20090715d1986 |0itac50 ba 101 $apor 102 $aBR 105 $a|||| ||||| 200 1 $aAfonso Continuo, santo de altar$fLinador Celina 210 $aRio de Janeiro$cNova Fronteira$d1986 215 $a216 p.$d21 cm. 410 1$1001UON00326693$12001 $aFicçao Brasileira$1210 $aRio de Janeiro$cNova Fronteira. 606 $aLetteratura brasiliana$xNarrativa$3UONC042279$2FI 620 $aBR$dRio de Janeiro$3UONL001554 676 $a869$cLetteratura portoghese$v21 700 1$aCELINA$bLinador$3UONV186156$0700227 712 $aNova Fronteira$3UONV266236$4650 801 $aIT$bSOL$c20251107$gRICA 899 $aSIBA - SISTEMA BIBLIOTECARIO DI ATENEO$2UONSI 912 $aUON00326692 950 $aSIBA - SISTEMA BIBLIOTECARIO DI ATENEO$dSI III 0660 $eSI LO 48847 5 0660 996 $aAfonso Continuo, santo de altar$91369604 997 $aUNIOR